• 首页
  • 本馆介绍
  • 公告通知
  • 最新文献
  • 馆藏检索
  • 电子资源
  • 读者荐购
  • 参考咨询
  • CALIS
  • 我的图书馆
  • 登录
  • 详细信息显示
  • 放入我的书架
  • 预约/预借图书
  • 作者相关作品
  • 分类相关作品
  • 丛书相关作品
  • 出版社相关作品

书目信息

  • 表格格式
  • 工作单格式
  • 卡片格式
题名:
全国注册城乡规划师职业资格考试辅导教材
    
 
作者: 王翠萍 , 王宇新 主编
分册: 第2分册   城乡规划相关知识
出版信息: 北京   中国建筑工业出版社  2023
页数: 14,477页
开本: 26cm
丛书名: 执业资格考试丛书
单 册:
中图分类: TU984.2
科图分类:
主题词: 城乡规划--中国--资格考试--自学参考资料
电子资源:
ISBN: 978-7-112-28584-6
 
 
 
 
 
000 01121nam0 2200289 450
001 012369731
005 20230614163931.0
010    @a978-7-112-28584-6@dCNY110.00
100    @a20230614d2023 em y0chiy0120 ea
101 0  @achi
102    @aCN@b110000
105    @aa z 000yy
106    @ar
200 1  @a全国注册城乡规划师职业资格考试辅导教材@9quan guo zhu ce cheng xiang gui hua shi zhi ye zi ge kao shi fu dao jiao cai@h第2分册@i城乡规划相关知识@f王翠萍,王宇新主编
205    @a16版
210    @a北京@c中国建筑工业出版社@d2023
215    @a14,477页@c图@d26cm@e1学习手册(21cm)
225 0  @a执业资格考试丛书@h2023
330    @a本书分为复习指导与复习题解、考题分析与解答、模拟试题三部分,内容包括:建筑学、城市交通、城市市政公用设施、信息技术在城乡规划中的应用、城市经济学、城市社会学、城市生态与城市环境等。
461  0 @12001 @a执业资格考试丛书
586    @a
606 0  @a城乡规划@y中国@x资格考试@j自学参考资料
690    @aTU984.2@v5
701  0 @a王翠萍@9wang cui ping@4主编
701  0 @a王宇新@9wang yu xin@4主编
801  0 @aCN@c20230615
905    @dTU984.2@eQ741=16:2@f1@sTU984.2/Q741=16:2@S@Z
    
    全国注册城乡规划师职业资格考试辅导教材.第2分册.城乡规划相关知识/王翠萍,王宇新主编.-16版.-北京:中国建筑工业出版社,2023
    14,477页:图;26cm+1学习手册(21cm).-(执业资格考试丛书.2023)
    
    
    ISBN 978-7-112-28584-6:CNY110.00
    本书分为复习指导与复习题解、考题分析与解答、模拟试题三部分,内容包括:建筑学、城市交通、城市市政公用设施、信息技术在城乡规划中的应用、城市经济学、城市社会学、城市生态与城市环境等。
●
相关链接 在E读中查询图书 在当当中查询图书 在豆瓣中查询图书


正题名:全国注册城乡规划师职业资格考试辅导教材     索取号:TU984.2/Q741=16:2         预约/预借

序号 登录号 条形码 馆藏地/架位号 状态 备注
1 21618357   216183573   建筑库201/201建筑库 64排6列2层/ [索取号:TU984.2/Q741=16:2] 在馆    
河南城建学院图书馆 欢迎您!
大连网信软件有限公司© 版权所有